000 00665nam a2200205Ia 4500
005 20251020182615.0
008 200515s9999 xx 000 0 und d
082 _aSC/691.6/I54
110 _aIninvi
245 0 _aVidrio
260 _aLima
260 _c1994
300 _a21
520 _aComprende siete capítulos, un anexo y bibliografía. El primer capítulo de generalidades señala el objeto y campo de aplicación de la norma y definición del material. En el segundo, se clasifican los vidrios planos y en el tercero se señalan sus espesores
650 _aE-11O
650 _aNORMAS
650 _aPUB ININVI
650 _aVIDRIO
942 _cLIB
999 _c3458
_d3458